| 000 | 00424nam a22001337a 4500 | ||
|---|---|---|---|
| 082 | _aP-132 | ||
| 100 |
_aSyed Nausha Azeem Raza Naqvi. _947816 |
||
| 245 |
_aWater supply armour housing society nowshera _cMuhammad Ishaq, Syed Kamran Ahsan Gillani, Kashif Munawar, Rana Nadeem Riaz. |
||
| 260 |
_aRisalpur: _bMCE. _c19-04-2000 |
||
| 526 |
_a0 _b0 _c0 _dP_132 |
||
| 650 | _aProject | ||
| 700 |
_aMasood _947767 |
||
| 942 |
_2ddc _cBK |
||
| 999 |
_c550939 _d550939 |
||